000 00255nam a2200121Ia 4500
003 LDD
040 _cLDD
041 _aen
245 0 _aJournal of Peace Research to be entered
260 _c1 Jul-31 Dec,2006
362 _a43-43
_b04-Jun
942 _2ddc
_cJ
999 _c179690
_d179690